Ramón María Torres : su vida y su obra /
Uloženo v:
| Hlavní autor: | |
|---|---|
| Médium: | Neznámo |
| Jazyk: | Spanish |
| Vydáno: |
República Dominicana :
Corripio,
1989.
|
| Témata: | |
| Tagy: |
Přidat tag
Žádné tagy, Buďte první, kdo vytvoří štítek k tomuto záznamu!
|
MARC
| LEADER | 000000000a22000000004500 | ||
|---|---|---|---|
| 001 | 001555 | ||
| 041 | 0 | |a spa | |
| 082 | 0 | 4 | |a 92 |b T6937v |
| 100 | 1 | |a Vargas Pérez, Ramón | |
| 245 | 1 | 0 | |a Ramón María Torres : |b su vida y su obra / |c Ramón Vargas Pérez. |
| 260 | 1 | |a República Dominicana : |b Corripio, |c 1989. | |
| 300 | |a 233 páginas | ||
| 650 | 4 | |a TORRES, RAMON MARIA, 1868-1895 | |
| 650 | 4 | |a BIOGRAFIAS | |
| 999 | |c 8261 |d 8261 | ||
| 942 | |c BK |h 92 T6937v |2 z | ||
